| 000 | 00440nam a22001577a 4500 | ||
|---|---|---|---|
| 005 | 20251108151405.0 | ||
| 008 | 251108b |||||||| |||| 00| 0 eng d | ||
| 020 | _a9780340758533 | ||
| 050 |
_aTL782.5 _b.F86 |
||
| 100 | _aTalon, Geneviève | ||
| 245 |
_aFusee 3 _cGenevieve Talon & Alan Wesson |
||
| 260 |
_aLondon _bHodder & Stoughton _c2001 |
||
| 300 |
_avarious paging _bill. color _c27.5cm |
||
| 700 | _aWesson, Alan | ||
| 942 |
_2lcc _cBK _n0 |
||
| 999 |
_c8166 _d8166 |
||